Statistics for Star Trek Ultimate Trivia

Click here to take the quiz!

General Stats

  • This quiz has been taken 694 times
    (664 since last reset)
  • The average score is 24 of 38

Answer Stats

HintAnswer% Correct
James T. Kirk
97%
Star Trek: Enterprise
97%
What ship did James T. Kirk command?USS Enterprise (NCC-1701)
97%
Jean-Luc Picard
96%
What's the name of the highly logical species with pointy ears and green blood?Vulcan
96%
What species does Lieutenant Worf belong to?Klingon
93%
Name every Star Trek series (as of 2019)Star Trek: Deep Space Nine
91%
Star Trek: Voyager
90%
Who was the creator of the first two series?Gene Roddenberry
89%
What pseudo-species assimilates members of other races?Borg
88%
Star Trek: The Next Generation
88%
Kathryn Janeway
87%
What does the T in James T. Kirk stand for?Tiberius
87%
Name the main captains from every seriesBenjamin Sisko
74%
Who occupied Bajor?Cardassian Union
74%
Star Trek: Discovery
74%
Jonathan Archer
73%
What's the name of Data's evil brother?Lore
72%
Star Trek: The Original Series
72%
How long did the original Enterprise mission last?5 years
67%
What instrument does Riker play?Trombone
66%
What species can co-exist with sentient symbiotic organisms?Trill
61%
What petlike species is a mortal enemy of the Klingon Empire?Tribbles
60%
Star Trek: The Animated Series
55%
Who did Elim Garak work as during his stay on Deep Space Nine?Tailor
55%
Christopher Pike
53%
What's the name of a Cardassian military rank held by a commander of a vessel?Gul
47%
What rebellious organization did B'Elanna Torres and Chakotay belong to?Maquis
45%
What type of drive does USS Discovery use?Spore drive
42%
In what timeline are the movies Star Trek (2009), Into Darkness and Beyond set?Kelvin timeline
38%
What's the name of Jonathan Archer's dog?Porthos
36%
What was the original name of Deep Space Nine?Terok Nor
35%
Gabriel Lorca
27%
What's the name of Picard's clone created by the Romulans?Shinzon
24%
Malcolm Reed is considered to be the inventor of which tactical system?Red Alert
22%
What's the name of series of events that happened on Earth in September of 2024?Bell Riots
21%
Philippa Georgiou
20%
What's the Vulcan name of a mythical planet located in the galactic core?Sha Ka Ree
11%

Score Distribution

Percentile by Number Answered

Percent of People with Each Score

Your Score History

You have not taken this quiz since the last reset